[Event "Brasilia-ch 51th sf1"]
[Site "Brasilia"]
[Date "2011.05.10"]
[Round "5.1"]
[White "De Oliveira, Maicon Almeida"]
[Black "Faria, Fillipe Marinho"]
[Result "1-0"]
[WhiteElo "2019"]
[BlackElo "1959"]
[PlyCount "121"]
[EventDate "2011.05.10"]
[EventType "tourn"]
[EventRounds "8"]
[EventCountry "BRA"]
[SourceTitle "EXT 2022"]
[Source "ChessBase"]
[SourceDate "2021.10.06"]
[SourceVersion "1"]
[SourceVersionDate "2021.10.06"]
[SourceQuality "1"]

1. e4 e5 2. Nf3 Nc6 3. Bb5 a6 4. Ba4 Nf6 5. 0-0 Be7 6. Re1 b5 7. Bb3 d6 8. c3 0-0 9. h3 Bb7 10. d4 Re8 11. Nbd2 Bf8 12. Nf1 h6 13. Ng3 g6 14. a4 Na5 15. Bc2 Nc6 16. d5 Ne7 17. Be3 Kh7 18. Nh2 c6 19. dxc6 Bxc6 20. axb5 axb5 21. Rxa8 Bxa8 22. Bd3 Qb8 23. Qb3 d5 24. Bxb5 Bc6 25. c4 dxc4 26. Bxc4 Qxb3 27. Bxb3 Rb8 28. Bxf7 Rxb2 29. Bc5 Nd7 30. Ba3 Rc2 31. Nf3 Kg7 32. Be8 Nb8 33. Bxc6 Nexc6 34. Bxf8+ Kxf8 35. Rb1 Kf7 36. Nxe5+ Nxe5 37. Rxb8 Nd3 38. Rb3 Rd2 39. Nf1 Rd1 40. f3 Nf4 41. Kf2 Ra1 42. Ne3 Ra2+ 43. Kg1 Ra1+ 44. Kh2 Ra2 45. Rc3 Re2 46. Ra3 Kg7 47. Kg3 Nh5+ 48. Kh4 Nf4 49. g3 Ne6 50. Ra7+ Kf8 51. Ng4 Ng5 52. Ne5 Nxf3+ 53. Nxf3 Rxe4+ 54. g4 h5 55. Kg3 hxg4 56. hxg4 Re3 57. Kf4 Rc3 58. Ne5 Kg8 59. Kg5 Rc5 60. Kxg6 Rc8 61. Rg7+ 1-0

[Event "BRA-ch Amateur"]
[Site "Brasilia"]
[Date "2011.05.06"]
[Round "8.1"]
[White "Reis, Ernesto Guevara"]
[Black "De Oliveira, Maicon Almeida"]
[Result "1/2-1/2"]
[WhiteElo "1921"]
[BlackElo "1963"]
[PlyCount "20"]
[EventDate "2011.04.25"]
[EventType "tourn"]
[EventRounds "9"]
[EventCountry "BRA"]
[SourceTitle "EXT 2022"]
[Source "ChessBase"]
[SourceDate "2021.10.06"]
[SourceVersion "1"]
[SourceVersionDate "2021.10.06"]
[SourceQuality "1"]

1. e4 e5 2. Nf3 Nc6 3. Bc4 Bc5 4. 0-0 Nf6 5. d3 0-0 6. c3 d6 7. h3 h6 8. b4 Bb6 9. a4 a5 10. b5 Ne7 1/2-1/2

[Event "BRA-ch Amateur"]
[Site "Brasilia"]
[Date "2011.05.05"]
[Round "2.2"]
[White "De Oliveira, Maicon Almeida"]
[Black "Figueiredo, Wagner Primo Jr"]
[Result "1-0"]
[WhiteElo "1963"]
[BlackElo "1721"]
[PlyCount "57"]
[EventDate "2011.04.25"]
[EventType "tourn"]
[EventRounds "9"]
[EventCountry "BRA"]
[SourceTitle "EXT 2022"]
[Source "ChessBase"]
[SourceDate "2021.10.06"]
[SourceVersion "1"]
[SourceVersionDate "2021.10.06"]
[SourceQuality "1"]

1. e4 e5 2. Nf3 Nc6 3. Bb5 a6 4. Ba4 d6 5. 0-0 Bd7 6. c3 f6 7. d4 g6 8. Re1 Bh6 9. Nbd2 Nge7 10. Bb3 f5 11. dxe5 fxe4 12. Nxe4 Bxc1 13. Rxc1 d5 14. Nf6+ Kf8 15. Nxd5 Bg4 16. h3 Bf5 17. Nxe7 Nxe7 18. Nd4 Kg7 19. Qf3 Rf8 20. Qxf5 Rxf5 21. Ne6+ Kh8 22. Nxd8 Rxd8 23. Rcd1 Rdf8 24. Rd2 Nc6 25. e6 b5 26. Rd7 Ne5 27. Rxc7 Nd3 28. Rd1 Ne5 29. e7 1-0

[Event "BRA-ch Amateur"]
[Site "Brasilia"]
[Date "2011.05.02"]
[Round "5.4"]
[White "Barbosa, Edinardo Meireles"]
[Black "De Oliveira, Maicon Almeida"]
[Result "0-1"]
[WhiteElo "1815"]
[BlackElo "1963"]
[PlyCount "52"]
[EventDate "2011.04.25"]
[EventType "tourn"]
[EventRounds "9"]
[EventCountry "BRA"]
[SourceTitle "EXT 2022"]
[Source "ChessBase"]
[SourceDate "2021.10.06"]
[SourceVersion "1"]
[SourceVersionDate "2021.10.06"]
[SourceQuality "1"]

1. e4 c5 2. Nf3 d6 3. d4 cxd4 4. Nxd4 Nf6 5. Nc3 Nc6 6. Bc4 e6 7. 0-0 Be7 8. Bg5 a6 9. Bb3 0-0 10. Kh1 Bd7 11. f4 Rc8 12. Nf3 Qc7 13. Qe1 h6 14. e5 dxe5 15. fxe5 hxg5 16. exf6 Bxf6 17. Ne4 Ne5 18. Qg3 Bc6 19. Nxf6+ gxf6 20. Nxg5 fxg5 21. Qxg5+ Ng6 22. Rf6 Bd5 23. Re1 Kg7 24. h4 Rh8 25. h5 Rxh5+ 26. Qxh5 Rh8 0-1

[Event "BRA-ch Amateur"]
[Site "Brasilia"]
[Date "2011.04.28"]
[Round "9.3"]
[White "De Oliveira, Maicon Almeida"]
[Black "Tratz, Leonardo Schmaedeck"]
[Result "0-1"]
[WhiteElo "1963"]
[BlackElo "1998"]
[PlyCount "54"]
[EventDate "2011.04.25"]
[EventType "tourn"]
[EventRounds "9"]
[EventCountry "BRA"]
[SourceTitle "EXT 2022"]
[Source "ChessBase"]
[SourceDate "2021.10.06"]
[SourceVersion "1"]
[SourceVersionDate "2021.10.06"]
[SourceQuality "1"]

1. e4 c5 2. Nf3 a6 3. d4 cxd4 4. Nxd4 Nf6 5. Nc3 e5 6. Nb3 Bb4 7. Bd3 d5 8. exd5 e4 9. Qe2 0-0 10. Bc4 b5 11. Bxb5 axb5 12. Qxb5 Bxc3+ 13. bxc3 Ba6 14. Qc5 Qxd5 15. Be3 Nbd7 16. Qxd5 Nxd5 17. Bd4 Bc4 18. a4 Nf4 19. Kd2 Ne6 20. a5 Rfd8 21. Ra4 Bxb3 22. cxb3 Ndc5 23. Ra3 Nxd4 24. cxd4 Rxd4+ 25. Kc3 Rd3+ 26. Kc4 Nxb3 27. a6 Nd2+ 0-1

[Event "Sao Paulo Braga op"]
[Site "Sao Paulo"]
[Date "2011.04.23"]
[Round "6"]
[White "Da Mata, Luiz Carlos"]
[Black "De Oliveira, Maicon Almeida"]
[Result "0-1"]
[WhiteElo "2044"]
[BlackElo "1963"]
[PlyCount "50"]
[EventDate "2011.04.20"]
[EventType "swiss"]
[EventRounds "9"]
[EventCountry "BRA"]
[SourceTitle "CBM 141 Extra"]
[Source "ChessBase"]
[SourceDate "2011.05.03"]
[SourceVersion "1"]
[SourceVersionDate "2011.05.03"]
[SourceQuality "1"]

1. e4 c5 2. Nf3 d6 3. d4 cxd4 4. Nxd4 Nf6 5. Nc3 a6 6. Bg5 e6 7. f4 Be7 8. Qf3 Qc7 9. 0-0-0 Nbd7 10. g4 b5 11. Bxf6 Nxf6 12. g5 Nd7 13. f5 Nc5 14. f6 gxf6 15. gxf6 Bf8 16. Rg1 Bb7 17. Rg7 b4 18. Nd5 exd5 19. exd5 0-0-0 20. Qf5+ Kb8 21. Ne6 fxe6 22. dxe6 Bxg7 23. e7 Bxf6 24. Qxf6 Rde8 25. Rxd6 Qxe7 0-1

[Event "Sao Paulo Braga op"]
[Site "Sao Paulo"]
[Date "2011.04.21"]
[Round "2"]
[White "Nunes, Agatha Hurba"]
[Black "De Oliveira, Maicon Almeida"]
[Result "0-1"]
[WhiteElo "1652"]
[BlackElo "1963"]
[PlyCount "58"]
[EventDate "2011.04.20"]
[EventType "swiss"]
[EventRounds "9"]
[EventCountry "BRA"]
[SourceTitle "CBM 141 Extra"]
[Source "ChessBase"]
[SourceDate "2011.05.03"]
[SourceVersion "1"]
[SourceVersionDate "2011.05.03"]
[SourceQuality "1"]

1. d4 Nf6 2. c4 e6 3. Bg5 h6 4. Bh4 Bb4+ 5. Nd2 g5 6. Bxg5 hxg5 7. a3 Bxd2+ 8. Qxd2 Ne4 9. Qc2 d5 10. cxd5 exd5 11. e3 g4 12. g3 Nd7 13. Bg2 Ndf6 14. Ne2 c6 15. Nc3 Qe7 16. Nxe4 Nxe4 17. Bxe4 Qxe4 18. Qxe4+ dxe4 19. Rc1 Be6 20. Rc5 Bd5 21. b4 b6 22. Rc3 b5 23. Rc5 a5 24. 0-0 axb4 25. axb4 Ke7 26. Rb1 Rh6 27. Kg2 Ra2 28. Rcc1 Rf6 29. Rf1 Bc4 0-1

[Event "Brasilia IRT de Carnaval"]
[Site "Brasilia"]
[Date "2011.03.09"]
[Round "9.3"]
[White "De Oliveira, Maicon Almeida"]
[Black "Oliveira, Jose Irio Rodrigues"]
[Result "1/2-1/2"]
[WhiteElo "1963"]
[BlackElo "1934"]
[PlyCount "66"]
[EventDate "2011.03.04"]
[EventType "tourn"]
[EventRounds "9"]
[EventCountry "BRA"]
[SourceTitle "EXT 2022"]
[Source "ChessBase"]
[SourceDate "2021.10.06"]
[SourceVersion "1"]
[SourceVersionDate "2021.10.06"]
[SourceQuality "1"]

1. e4 e6 2. d4 d5 3. Nd2 dxe4 4. Nxe4 Nf6 5. Ng3 Nbd7 6. Nf3 b6 7. Be2 c5 8. 0-0 Bb7 9. Bg5 cxd4 10. Qxd4 Be7 11. Bb5 a6 12. Bxd7+ Qxd7 13. Qxb6 Bxf3 14. Bxf6 Bxf6 15. gxf3 0-0 16. Rfd1 Qa4 17. Ne4 Qxc2 18. Rd2 Qa4 19. b3 Qb5 20. Nxf6+ gxf6 21. Qd4 Qg5+ 22. Kh1 Kh8 23. Rg1 Qh6 24. Rg3 Rg8 25. Rd1 Rg5 26. Rdg1 Rh5 27. R3g2 Rc8 28. a3 Rh4 29. Qd6 a5 30. Qa6 Rf8 31. Qxa5 Qf4 32. Qc3 e5 33. Qc5 Rxh2+ 1/2-1/2

[Event "Brasilia IRT de Carnaval"]
[Site "Brasilia"]
[Date "2011.03.04"]
[Round "2.2"]
[White "De Oliveira, Maicon Almeida"]
[Black "Freitas, Rogerio Pereira"]
[Result "1-0"]
[WhiteElo "1963"]
[BlackElo "1855"]
[PlyCount "43"]
[EventDate "2011.03.04"]
[EventType "tourn"]
[EventRounds "9"]
[EventCountry "BRA"]
[SourceTitle "EXT 2022"]
[Source "ChessBase"]
[SourceDate "2021.10.06"]
[SourceVersion "1"]
[SourceVersionDate "2021.10.06"]
[SourceQuality "1"]

1. e4 c5 2. Nf3 d6 3. d4 cxd4 4. Nxd4 Nf6 5. Nc3 Nc6 6. Be2 e6 7. Be3 Be7 8. Qd2 Bd7 9. 0-0-0 Rc8 10. Ndb5 d5 11. exd5 exd5 12. Bf3 Qa5 13. Nxd5 Nxd5 14. Qxd5 Be6 15. Nd6+ Bxd6 16. Qxa5 Nxa5 17. Rxd6 Nc4 18. Rd3 Nxe3 19. Rxe3 b6 20. Bg4 0-0 21. Rxe6 f5 22. Bf3 1-0

[Event "Brasilia Valadares Memorial"]
[Site "Brasilia"]
[Date "2011.02.20"]
[Round "7.3"]
[White "Cavalcante, Rodrigo Moreira"]
[Black "De Oliveira, Maicon Almeida"]
[Result "0-1"]
[WhiteElo "1946"]
[BlackElo "1966"]
[PlyCount "50"]
[EventDate "2011.02.20"]
[EventType "swiss"]
[EventRounds "7"]
[EventCountry "BRA"]
[SourceTitle "EXT 2022"]
[Source "ChessBase"]
[SourceDate "2021.10.06"]
[SourceVersion "1"]
[SourceVersionDate "2021.10.06"]
[SourceQuality "1"]

1. e4 c6 2. d4 d5 3. exd5 cxd5 4. Bd3 Nf6 5. Nf3 Nc6 6. c3 Bg4 7. 0-0 e6 8. Re1 Be7 9. h3 Bh5 10. Nbd2 Rc8 11. Qb3 Qc7 12. Ne5 0-0 13. f4 Bg6 14. Nxg6 hxg6 15. Nf3 Nh5 16. Ne5 Bh4 17. Rf1 g5 18. Qd1 g6 19. Bxg6 fxg6 20. Nxg6 Ng3 21. Re1 Rf6 22. Nxh4 gxh4 23. Qg4+ Qg7 24. Qxh4 Rg6 25. b4 Ne4 0-1

[Event "Brasilia Valadares Memorial"]
[Site "Brasilia"]
[Date "2011.02.20"]
[Round "5.2"]
[White "Chang, Suzana"]
[Black "De Oliveira, Maicon Almeida"]
[Result "1-0"]
[WhiteElo "2028"]
[BlackElo "1966"]
[PlyCount "29"]
[EventDate "2011.02.20"]
[EventType "swiss"]
[EventRounds "7"]
[EventCountry "BRA"]
[SourceTitle "EXT 2022"]
[Source "ChessBase"]
[SourceDate "2021.10.06"]
[SourceVersion "1"]
[SourceVersionDate "2021.10.06"]
[SourceQuality "1"]

1. e4 c5 2. Nf3 d6 3. d4 cxd4 4. Qxd4 a6 5. c4 Nc6 6. Qd2 Nf6 7. Nc3 g6 8. b3 Bg7 9. Bb2 0-0 10. Be2 Bd7 11. 0-0 Qb6 12. Nd5 Nxd5 13. Bxg7 Ne3 14. Bxf8 Nxf1 15. Qh6 1-0

[Event "Brazil Xadrez Brasil op"]
[Site "Brazil"]
[Date "2010.11.14"]
[Round "4"]
[White "De Oliveira, Maicon Almeida"]
[Black "De Araujo, Claudio Sergio"]
[Result "1-0"]
[WhiteElo "1972"]
[BlackElo "1563"]
[PlyCount "81"]
[EventDate "2010.11.12"]
[EventType "swiss"]
[EventRounds "7"]
[EventCountry "BRA"]
[SourceTitle "EXT 2013"]
[Source "ChessBase"]
[SourceDate "2012.11.22"]
[SourceVersion "1"]
[SourceVersionDate "2012.11.22"]
[SourceQuality "1"]

1. e4 d5 2. exd5 Qxd5 3. Nf3 Bg4 4. Be2 e6 5. 0-0 Bd6 6. h3 Bh5 7. d4 Nf6 8. c4 Qc6 9. Qb3 Qb6 10. Qd1 c5 11. dxc5 Bxc5 12. Nc3 Nbd7 13. Na4 Qc7 14. Nxc5 Nxc5 15. Be3 0-0 16. b4 Nce4 17. Qb3 h6 18. Rfd1 g5 19. Rac1 Rad8 20. Bd4 Qf4 21. Be5 Rxd1+ 22. Rxd1 Qf5 23. Qb2 g4 24. hxg4 Bxg4 25. Qd4 Kg7 26. Nh4 Qg5 27. Bxg4 Qxg4 28. f3 Qxh4 29. Bxf6+ Qxf6 30. Qxe4 Rd8 31. Rxd8 Qxd8 32. c5 Qd2 33. Qc4 Qe1+ 34. Kh2 Qe5+ 35. Kh3 f5 36. Qb5 f4 37. Qxb7+ Kf6 38. Kh2 Qe1 39. Qe4 Qh4+ 40. Kg1 Qe1+ 41. Qxe1 1-0

[Event "Brazil Xadrez Brasil op"]
[Site "Brazil"]
[Date "2010.11.13"]
[Round "2"]
[White "De Oliveira, Maicon Almeida"]
[Black "Navarro, Tiago Cunha"]
[Result "0-1"]
[WhiteElo "1972"]
[BlackElo "2213"]
[PlyCount "49"]
[EventDate "2010.11.12"]
[EventType "swiss"]
[EventRounds "7"]
[EventCountry "BRA"]
[SourceTitle "EXT 2013"]
[Source "ChessBase"]
[SourceDate "2012.11.22"]
[SourceVersion "1"]
[SourceVersionDate "2012.11.22"]
[SourceQuality "1"]

1. d4 d5 2. c4 e6 3. Nf3 Nf6 4. g3 c6 5. Bg2 Ne4 6. 0-0 Be7 7. Nc3 f5 8. cxd5 exd5 9. Bf4 0-0 10. Rc1 Qb6 11. Qc2 Nd7 12. Na4 Qd8 13. Ne5 Nxe5 14. Bxe5 Be6 15. Nc5 Nxc5 16. dxc5 Qa5 17. b4 Qa3 18. Rfd1 Bg5 19. e3 Rf7 20. Rd4 Bxe3 21. Rb1 Bxd4 22. Bxd4 f4 23. Rb3 Qa4 24. Qb2 Re8 25. Bf1 0-1

[Event "BRA-ch sf"]
[Site "Sao Paulo"]
[Date "2010.10.30"]
[Round "2"]
[White "Da Silva, Edmur Vianna Vital"]
[Black "De Oliveira, Maicon Almeida"]
[Result "1-0"]
[WhiteElo "2059"]
[BlackElo "1933"]
[PlyCount "79"]
[EventDate "2010.10.30"]
[EventType "swiss"]
[EventRounds "7"]
[EventCountry "BRA"]
[SourceTitle "EXT 2012"]
[Source "ChessBase"]
[SourceDate "2011.11.24"]
[SourceVersion "1"]
[SourceVersionDate "2011.11.24"]
[SourceQuality "1"]

1. d4 d5 2. Nf3 Nf6 3. Bf4 Bf5 4. e3 e6 5. Bd3 Ne4 6. 0-0 Be7 7. Bxe4 dxe4 8. Nfd2 Nd7 9. Nc3 Nf6 10. Be5 Bb4 11. Bxf6 Qxf6 12. Ncxe4 Qg6 13. c3 Be7 14. Ng3 Bd3 15. Re1 h5 16. Ne2 Bb5 17. e4 h4 18. h3 Bd6 19. c4 Bd7 20. e5 Be7 21. Qb3 b6 22. Rad1 Qh6 23. Qf3 Rb8 24. Ne4 0-0 25. d5 f5 26. N4c3 Bc5 27. Nf4 a5 28. a3 g5 29. Nxe6 Bxe6 30. dxe6 Qxe6 31. Nd5 g4 32. Qf4 Qg6 33. Kh1 c6 34. Nf6+ Kh8 35. Rd7 Rxf6 36. exf6 Rf8 37. Re6 Ra8 38. Rg7 Qh5 39. hxg4 fxg4 40. Re5 1-0

[Event "Brasiliense-ch 50th"]
[Site "Brasilia"]
[Date "2010.09.05"]
[Round "10.2"]
[White "De Oliveira, Maicon Almeida"]
[Black "Mariano, Marceley Martins"]
[Result "0-1"]
[WhiteElo "1933"]
[BlackElo "2032"]
[PlyCount "76"]
[EventDate "2010.08.17"]
[EventType "tourn"]
[EventRounds "13"]
[EventCountry "BRA"]
[SourceTitle "EXT 2022"]
[Source "ChessBase"]
[SourceDate "2021.10.06"]
[SourceVersion "1"]
[SourceVersionDate "2021.10.06"]
[SourceQuality "1"]

1. d4 d5 2. Nf3 c6 3. c4 Nf6 4. Nc3 e6 5. cxd5 exd5 6. Bf4 Bd6 7. Bxd6 Qxd6 8. e3 Bg4 9. Bd3 0-0 10. Qb3 b6 11. Ne5 Bc8 12. 0-0 Ng4 13. Nxg4 Bxg4 14. Qc2 h6 15. h3 Be6 16. Ne2 Nd7 17. Nf4 c5 18. Nh5 c4 19. Be2 b5 20. f4 g6 21. f5 Bxf5 22. Rxf5 gxf5 23. Qxf5 Qe6 24. Qf4 Rae8 25. Kf2 Qg6 26. Bg4 f5 27. Bf3 Re4 28. Qc7 Nf6 29. Nxf6+ Qxf6 30. Qg3+ Qg5 31. Qxg5+ hxg5 32. Bxe4 fxe4+ 33. Ke2 a5 34. a3 Kg7 35. Rb1 Kg6 36. b3 c3 37. b4 axb4 38. Rxb4 Rf1 0-1

[Event "Brasilia 50 years"]
[Site "Brasilia"]
[Date "2010.04.21"]
[Round "9.5"]
[White "De Oliveira, Maicon Almeida"]
[Black "Mariano, Marceley Martins"]
[Result "0-1"]
[WhiteElo "1908"]
[BlackElo "2042"]
[PlyCount "36"]
[EventDate "2010.04.17"]
[EventType "swiss"]
[EventRounds "9"]
[EventCountry "BRA"]
[SourceTitle "EXT 2022"]
[Source "ChessBase"]
[SourceDate "2021.10.06"]
[SourceVersion "1"]
[SourceVersionDate "2021.10.06"]
[SourceQuality "1"]

1. Nf3 Nf6 2. g3 c6 3. Bg2 d6 4. d4 Qc7 5. c4 Bg4 6. Nc3 Nbd7 7. e4 e5 8. 0-0 Be7 9. Be3 0-0 10. Rc1 a6 11. Qe2 exd4 12. Bxd4 Ne5 13. Rfd1 h6 14. b4 Nh7 15. b5 Ng5 16. Bxe5 dxe5 17. h4 Ne6 18. Nd5 cxd5 0-1

[Event "Brasilia 50 years"]
[Site "Brasilia"]
[Date "2010.04.17"]
[Round "2.2"]
[White "De Oliveira, Maicon Almeida"]
[Black "Navarro, Tiago Cunha"]
[Result "0-1"]
[WhiteElo "1908"]
[BlackElo "2192"]
[PlyCount "60"]
[EventDate "2010.04.17"]
[EventType "swiss"]
[EventRounds "9"]
[EventCountry "BRA"]
[SourceTitle "EXT 2022"]
[Source "ChessBase"]
[SourceDate "2021.10.06"]
[SourceVersion "1"]
[SourceVersionDate "2021.10.06"]
[SourceQuality "1"]

1. Nf3 g6 2. g3 Bg7 3. Bg2 e5 4. e4 Ne7 5. d4 exd4 6. Nxd4 Nbc6 7. Be3 d6 8. Nc3 f5 9. exf5 Bxf5 10. Qd2 Qd7 11. 0-0-0 0-0-0 12. Ncb5 Kb8 13. Nxc6+ Nxc6 14. g4 Bxg4 15. Bxc6 Qxc6 16. Bxa7+ Kc8 17. Bd4 Qxb5 18. Bxg7 Bxd1 19. Rxd1 Rhe8 20. Bd4 Re4 21. Qh6 Qh5 22. Qxh5 gxh5 23. Be3 Rg8 24. Kd2 Kd7 25. Ke2 Rh4 26. Rh1 Rh3 27. Kf1 Ke6 28. Bf4 Rh4 29. Bg3 Rc4 30. c3 h4 0-1

[Event "Brasilia Valadares Memorial"]
[Site "Brasilia"]
[Date "2010.04.11"]
[Round "4.3"]
[White "De Oliveira, Maicon Almeida"]
[Black "Brasileiro, Antonio Carlos"]
[Result "1-0"]
[WhiteElo "1908"]
[BlackElo "1728"]
[PlyCount "101"]
[EventDate "2010.03.08"]
[EventType "swiss"]
[EventRounds "6"]
[EventCountry "BRA"]
[SourceTitle "EXT 2022"]
[Source "ChessBase"]
[SourceDate "2021.10.06"]
[SourceVersion "1"]
[SourceVersionDate "2021.10.06"]
[SourceQuality "1"]

1. e4 e5 2. Nf3 Nf6 3. Nc3 d6 4. d4 exd4 5. Nxd4 Be7 6. Bd3 0-0 7. 0-0 Nbd7 8. Re1 Ne5 9. Bf1 Bg4 10. f3 Bd7 11. Be3 a6 12. Qd2 b5 13. b3 c5 14. Nde2 c4 15. Nf4 cxb3 16. axb3 Qc7 17. Ncd5 Nxd5 18. Nxd5 Qd8 19. Bb6 Qe8 20. Nc7 Qb8 21. Nxa8 Qxa8 22. Bd4 Nc6 23. Bb2 Be6 24. Bxb5 Nb8 25. Bd3 Qc6 26. f4 Bh4 27. f5 Bxe1 28. Qxe1 Bc8 29. f6 Qc5+ 30. Kh1 Qg5 31. Ra5 Qf4 32. fxg7 Re8 33. Bc1 Qf6 34. Rg5 Re5 35. Rg3 Rh5 36. Bc4 Be6 37. Bxe6 Qxe6 38. Bb2 Qh6 39. h3 Qe6 40. Qe3 Qc8 41. Qf3 Rc5 42. c4 Nd7 43. Rg4 Ne5 44. Bxe5 dxe5 45. Qc3 Qe6 46. Qb4 Rc8 47. Rg3 h6 48. Qb7 Rd8 49. c5 Qc8 50. Qb6 Kh7 51. Qxd8 1-0